Populismo y neopopulismo en américa latina : el problema de la cenicienta /

Guardado en:
Autor Principal: Mackinnon, María Moira
Otros Autores: Petrone, Mario Alberto.
Formato: Libro
Publicado: Buenos Aires : Universidad de Buenos Aires, 1999.
Materias:
Etiquetas: Agregar Etiqueta
Sin Etiquetas, Sea el primero en etiquetar este registro!
LEADER 02065nam a22002415a 4500
001 CEM.cems013596
005 20111006181629.0
008 130507s1999##################000#0#####d
003 CEMS
020 |a 9502307127 
082 0 4 |a 320.980 
100 1 |a Mackinnon, María Moira 
245 1 0 |a Populismo y neopopulismo en américa latina :  |b el problema de la cenicienta /  |c María Moira Mackinnon y Mario Alberto Petrone. 
260 |a Buenos Aires :  |b Universidad de Buenos Aires,  |c 1999. 
300 |a 433 p. 
505 0 |a Los complejos de la Cenicienta / Maía Moira Mackinnon y Mario Alberto Perrone -- Los trabajadores industriales y el nacimiento de la República Populista en Brasil, 1945-1946 / John D. French -- Una nueva era de Vargas, 1951-1954 / Thomas E. Skidmore -- El populismo en la política brasileña / Francisco Weffort -- Consideraciones sociológicas sobre las relaciones entre el peronismo de la clase obrera en la Argentina, 1943-1995 / Ricardo Sidicaro -- Interpretando (una vez más) los orígenes del peronismo / Juan Carlos Torre -- Cardenismo ¿coloso o catramina? / Alan Knight -- El cardenismo revisado: la tercera vía y otras utopías inciertas / Ilán Semo -- Las signaturas pendientes del modelo nacional popular. El caso peruano / Danilo Martuccelli y Maristella Svampa -- Estado y sociedad: señores, masas y ciudadanos / Alberto Adrianzén -- Velazco Ibarra y la Revolución Gloriosa: la producción social de un lider populista en Ecuador en los años cuarenta / Carlos de la Torre -- Las políticas nacionales-populares / Alain Touraine -- El regreso del líder / Sergio Zermeño -- El neoliberalismo y la transformación del populismo en América Latina. El caso peruano / Kenneth M. Roberts -- Partidos políticos e información de la política / Jorge Lazarte. 
653 |a Populismo 
653 |a Populismo clásico 
653 |a Neopopulismo 
653 |a América latina-ideas políticas 
653 |a Historia de américa 
700 1 |a Petrone, Mario Alberto. 
859 |a CEMS  |b BIB. CEMS - 11 de abril  |h 320.980  |i M216  |p 26228.11  |t Ej.1